| 000 | 00847cab a2200265 4500 | ||
|---|---|---|---|
| 001 | WB2817-66 | ||
| 008 | 090401t1992 xxu||||| |||| 00| 0 eng d | ||
| 035 | _a(Sirsi) u51268 | ||
| 041 | _aeng | ||
| 245 | _aRICS steps up for title fight | ||
| 260 | _c1992 | ||
| 350 | _a0 | ||
| 490 |
_aArchitects` Journal _v195(16) 22 April 1992, 5(1) |
||
| 520 | _aThe RICS is preparing a response to the review of the Architects` Registration Acts, which may include the admission of building surveyors to registration. | ||
| 650 | _aARCHITECTURAL SERVICES | ||
| 650 | _aARCUK | ||
| 650 | _aBUILDING SURVEYORS | ||
| 650 | _aEUROPEAN COMMUNITY | ||
| 650 | _aSINGLE MARKET | ||
| 650 | _aWARNE COMMITTEE | ||
| 690 | _aEUROPE-SINGLE MARKET | ||
| 690 | _aMANAGEMENT-BUSINESS MANAGEMENT-PROFESSIONAL PRACTICE | ||
| 942 | _n0 | ||
| 948 | _c04/03/1997 | ||
| 999 |
_c31909 _d31909 |
||